Quiz Pokémon Extrême - Statistiques

Statistiques générales
  • Ce quiz a été pris 464 fois
  • Le résultat moyen est 11 sur 30
Statistiques - réponses
Question Réponse % Correct
De quel pays la région de Kalos a-t-elle été inspirée ? France
85%
En quelle année est sorti le premier jeu Pokémon au Japon ? 1996
83%
Quelle talent, à chaque tour, augmente de deux crans une statistique et en diminue une autre d'un cran ? Lunatique
69%
Quelle est la seule attaque de type Glace super efficace contre Léviator ? Lyophilisation
68%
Quelle Ball obtient un taux de capture de 4 lorsque le Pokémon visé fait partie d'une famille dont l'un des Pokémon évolue avec une Perre Lune ? Lune Ball
67%
Selon la mythologie Pokémon, quel Pokémon serait à l'origine des continents ? Regigigas
62%
Quel est le Pokémon fabuleux possédant les statistiques globales les plus faibles ? Phione
61%
Quel talent permet d'attaquer un Pokémon doté de Lévitation avec l'attaque Séisme ? Brise Moule
58%
Quelle est la seule capacité non offensive à pouvoir endormir plusieurs adversaires en même temps ? Trou Noir
53%
Quelle nature donne un boost d'attaque spéciale en échange d'un malus en attaque ? Modeste
50%
Quel est le Pokémon non légendaire, non méga-évolué, non fabuleux doté des meilleures statistiques globales ? Monaflémit
49%
Comment s'appelle le créateur de la licence Pokémon, et le fondateur de la maison de développement Game Freak ? Satoshi Tajiri
38%
Quel est le seul champion d'arène spécialiste des Pokémon de type Ténèbres ? Peterson
37%
Sans compter les 4 294 967 296 combinaisons de Spinda, quel Pokémon possède le plus de formes différentes ? Charmilly
33%
En génération 1, quelle attaque de type Normal empêchait l'adversaire d'attaquer tant qu'elle était active ? Etreinte
33%
Quelle flûte, obtenue en échangeant dans la suie en génération 3, permet d'attirer les Pokémon sauvages ? Flûteblanche
31%
Quel Pokémon a été banni le plus vite en stratégie Pokémon ? Marshadow
30%
Quel objet, apparu en génération 2, permet, hors d'un combat, de ranimer et soigner l'équipe entière ? Cendres Sacrées
28%
Quelle baie permet au Pokémon d'attaquer à coup sûr en premier au tour suivant ? Baie Chérim
23%
Quelle attaque de type Combat prend en compte, pour le calcul des dégâts, l'attaque spéciale de l'attaquant et la défense de la cible ? Lame Ointe
22%
De quel bâtiment de la Zone de Combat de Hoenn Bayar est-il le meneur de zone ? Pyramide de Combat
19%
En génération 1, quelle attaque divisait par 4 les chances de porter un coup critique ? Puissance
18%
Quelle est la capacité bloquante la plus puissante (capacité empêchant le switch et la fuite) ? Vortex Magma
18%
Quel Pokémon doit tenir un Encens Doux pour donner un oeuf qui ne sera pas le Pokémon en question ? Qulbutoké
16%
Comment se nomme l'antagoniste joué par l'ancien champion d'arène Zhu dans les films du Pokéwood ? Zhuman
16%
Quel est le Pokémon légendaire, évolué au maximum, possédant les statistiques globales les plus faibles ? Sylveroy
11%
Avec Armurmagma et Corps Ardent, quel talent permet de diviser par 2 le nombre de pas nécessaires à l'éclosion d'un oeuf ? Turbine
9%
Comment s'appelle le professeur Pokémon dans la série de jeux vidéo "Pokémon Ranger" ? Professeur Pressand
6%
Dans le premier jeu vidéo Pokémon Donjon Mystère, quel est le grade de sauveteur le plus élevé ? Grade Lucario
5%
Avec Aurasphere, quelle est la plus puissante attaque qui ne peut échouer ? Fourbette
1%
Aucun quiz correspondant
Distribution des résultats
% des personnes avec chaque résultat
Percentile par nombre de réponses
Votre historique - résultats
Vous n’avez pas pris ce quiz